日本の活火山 - Statistics

General Stats
  • This quiz has been taken 308 times
  • The average score is 22 of 111
Answer Stats
Answer % Correct
富士山
83%
阿蘇山
75%
御嶽山
63%
桜島
63%
大雪山
62%
有珠山
59%
浅間山
53%
三宅島
48%
雲仙岳
47%
伊豆大島
46%
岩木山
44%
硫黄島
44%
磐梯山
43%
岩手山
42%
八丈島
42%
羊蹄山
41%
鳥海山
41%
箱根山
41%
蔵王山
39%
霧島山
39%
男体山
37%
赤城山
36%
新島
36%
草津白根山
35%
青ヶ島
35%
恐山
34%
御蔵島
33%
神津島
32%
十勝岳
30%
利島
30%
西之島
30%
八甲田山
29%
白山
29%
日光白根山
26%
榛名山
26%
利尻山
25%
八幡平
25%
口永良部島
25%
雌阿寒岳
24%
安達太良山
24%
羅臼岳
22%
開聞岳
22%
焼岳
21%
乗鞍岳
21%
ニセコ
20%
北海道駒ヶ岳
19%
那須岳
19%
雄阿寒岳
18%
妙高山
17%
由布岳
17%
栗駒山
16%
九重山
16%
燧ヶ岳
15%
諏訪之瀬島
15%
摩周
14%
十和田
14%
福徳岡ノ場
14%
薩摩硫黄島
14%
恵山
13%
ベヨネース列岩
13%
三瓶山
13%
アトサヌプリ
11%
樽前山
11%
秋田駒ヶ岳
11%
吾妻山
10%
爺爺岳
10%
新潟焼山
9%
硫黄鳥島
9%
恵庭岳
8%
アカンダナ山
8%
中之島
8%
秋田焼山
7%
伊豆鳥島
7%
孀婦岩
7%
渡島大島
6%
須美寿島
6%
阿武火山群
6%
口之島
6%
泊山
6%
鳴子
5%
弥陀ヶ原
5%
伊豆東部火山群
5%
若尊
5%
知床硫黄山
4%
丸山
4%
倶多楽
4%
肘折
4%
高原山
4%
日光海山
4%
西表島北北東海底火山
4%
茂世路岳
4%
散布山
4%
ベルタルベ山
4%
羅臼山
4%
沼沢
3%
横岳
3%
海形海山
3%
噴火浅根
3%
北福徳堆
3%
福江火山群
3%
池田・山川
3%
択捉焼山
3%
ルルイ岳
3%
天頂山
2%
海徳海山
2%
南日吉海山
2%
鶴見岳・伽藍岳
2%
米丸・住吉池
2%
指臼岳
2%
小田萌山
2%
択捉阿登佐岳
1%
No matching quizzes found
Score Distribution
Percent of People with Each Score
Percentile by Number Answered
Your Score History
You have not taken this quiz